000 00766nam a2200253Ia 4500
003 OSt
005 20220918214638.0
006 a|||||r|||| 00| 0
007 ta
008 220917b |||||||| |||| 00| 0 eng d
024 _a138,492
037 _cTextual
040 _aARTS
_cARTS
_beng
041 _2eng
_aeng
082 _aZ1,215p1,N76, L7
110 _aAnnual Conference On Law Of The Sea (1976) (Rhode)
_9132118
245 0 _aProceedings ed by Edward Miles and John King Gamble
260 _aCambridge
_bBallinger Pub
_c1977
300 _axvi,425p. tables
_ccm.
650 _aLAW
_97240
700 _aAnnual Conference On Law Of The Sea (1976) (Rhode)
_9132119
942 _hZ1,215p1,N76, L7
_cTEXL
_2CC
999 _c261543
_d261543